| 000 | 00451nam a2200157 i 4500 | ||
|---|---|---|---|
| 001 | 69407 | ||
| 003 | ES-MaACL | ||
| 005 | 20230906170519.0 | ||
| 007 | t| | ||
| 008 | 040705s1962 sp ||||1| spa d | ||
| 100 | 1 |
_aGarcía Brera, Miguel Ángel. _954292 |
|
| 245 | 1 | 0 |
_aJuventud en la ruleta / _cMiguel Angel García Brera. |
| 260 |
_aCuenca : _b[s.n., _c1962] ( _fImp. Falange) |
||
| 300 |
_a135 p. ; _c21 cm. |
||
| 852 |
_aES-MaACL _jC-22263 _bR.50832 |
||
| 999 |
_c69407 _d69407 |
||